00611nam a22002057a 450000500170000001000130001702000260003003500130005603700180006908200110008710000240009824500950012225000120021726000290022927000610025830000260031950000180034570000200036370000220038320211109141559.0 aB-741828 a9788131757994c180.00 aB-741828 bPearson /Gift a658.45 aBovee, Courtland L. aBusiness communication today /cby Courtland L. Bovee, John V. Thill [and] Abha Chatterjee a10th ed aNew DelhibPearsonc2013 a11 Community Centre, Panchsheel Park,bNew Delhie110017 avp.:bill.c25cm(pbk) ainclude index aThill, John V.  aChatterjee, Abha